000 02033nam0a2200349 4500
001 RU\NLR\BIBL_A\022465724
005 20250513113354.0
010 _a978-5-8430-0274-9
_9100
021 _aRU
_bКН-П-24-083707
_9КН-П-24-8336
035 _a(NLR Aleph) 022465724
090 _a13366280
_c13366280
100 _a20250221d2024 k y0rusy50 ca
101 0 _arus
_deng
102 _aRU
105 _aa z 100yy
181 0 _ai
_baxxe
182 0 _an
200 1 _aРесурсосберегающие технологии, материалы и конструкции. Сборник статей по материалам региональной научно-практической конференции (26 апреля 2024 г.)
_fФедеральное государственное бюджетное образовательное учреждение высшего образования Петрозаводский государственный университет
203 _aТекст
_bвизуальный
_cнепосредственный
210 _aПетрозаводск
_cПетропресс
_d2024
215 _a100 с.
_cцв. ил., табл.
_d21
300 _aРез. англ.
320 _aБиблиогр. в конце ст.
606 1 _aМалоэтажные здания
_jСъезды, совещания и т.п
_xСтроительство
_92340163
_3RU\NLR\AUTH\661398862
686 1 _aН702.1я431
711 1 2 _a"Ресурсосберегающие технологии, материалы и конструкции", региональная научно-практическая конференция
_eПетрозаводск
_f2024
_92656556
_3RU\NLR\AUTH\880624188
712 0 2 _4570
_aПетрозаводский государственный университет
_9358480
_3RU\NLR\AUTH\889931527
942 _cBOOK
980 _aNB